[Event "AUT-ch"]
[Site "Vienna"]
[Date "2023.07.23"]
[Round "2"]
[White "Dietrich, Peter"]
[Black "Kindermann, Stefan"]
[Result "1/2-1/2"]
[WhiteElo "2031"]
[BlackElo "2459"]
[PlyCount "50"]
[EventDate "2023.07.22"]
[EventType "swiss"]
[EventRounds "9"]
[EventCountry "AUT"]
[SourceTitle "CBM 215 Extra"]
[Source "ChessBase"]
[SourceDate "2023.09.30"]
[SourceVersion "1"]
[SourceVersionDate "2023.09.30"]
[SourceQuality "1"]

1. c4 e5 2. Nc3 d6 3. e3 f5 4. d4 Be7 5. dxe5 dxe5 6. Qxd8+ Bxd8 7. Nf3 e4 8. Nd4 Nf6 9. Be2 0-0 10. b4 Be7 11. b5 c5 12. bxc6 Nxc6 13. 0-0 Bd7 14. a4 Rac8 15. Ba3 Bxa3 16. Rxa3 Ne5 17. Ncb5 Nxc4 18. Bxc4+ Rxc4 19. Nd6 Rb4 20. N6xf5 Bxa4 21. Rfa1 Bd7 22. Rxa7 Bxf5 23. Nxf5 Rd8 24. Ra8 Rxa8 25. Rxa8+ Kf7 1/2-1/2

[Event "AUT-ch"]
[Site "Vienna"]
[Date "2023.07.22"]
[Round "1"]
[White "Postlmayer, Jakob"]
[Black "Dietrich, Peter"]
[Result "1/2-1/2"]
[WhiteElo "2347"]
[BlackElo "2031"]
[PlyCount "29"]
[EventDate "2023.07.22"]
[EventType "swiss"]
[EventRounds "9"]
[EventCountry "AUT"]
[SourceTitle "CBM 215 Extra"]
[Source "ChessBase"]
[SourceDate "2023.09.30"]
[SourceVersion "1"]
[SourceVersionDate "2023.09.30"]
[SourceQuality "1"]

1. d4 Nf6 2. c4 e6 3. Nf3 d5 4. g3 Be7 5. Bg2 0-0 6. Nc3 c6 7. 0-0 b6 8. Qd3 Bb7 9. Rd1 Nbd7 10. e4 dxe4 11. Nxe4 Nxe4 12. Qxe4 Qc8 13. Ng5 Nf6 14. Qf3 Rd8 15. Bf4 1/2-1/2

[Event "Sitges Sunway op 9th"]
[Site "Sitges"]
[Date "2022.12.13"]
[Round "2"]
[White "Doshi, Moksh Amitbhai"]
[Black "Dietrich, Peter"]
[Result "1-0"]
[WhiteElo "2414"]
[BlackElo "2015"]
[PlyCount "39"]
[EventDate "2022.12.12"]
[EventType "swiss"]
[EventRounds "10"]
[EventCountry "ESP"]
[SourceTitle "CBM 211 Extra"]
[Source "ChessBase"]
[SourceDate "2023.01.31"]
[SourceVersion "1"]
[SourceVersionDate "2023.01.31"]
[SourceQuality "1"]

1. c4 c5 2. Nc3 Nc6 3. Nf3 g6 4. e3 e5 5. d4 exd4 6. exd4 cxd4 7. Nxd4 a6 8. Nd5 Be7 9. Bf4 d6 10. Nxc6 bxc6 11. Nxe7 Qxe7+ 12. Be2 d5 13. cxd5 cxd5 14. Qd4 f6 15. 0-0 Bb7 16. Rfe1 Kf7 17. Bg4 Qd8 18. Rac1 Bc8 19. Rc7+ Kf8 20. Qc5+ 1-0

[Event "Sitges Sunway op 9th"]
[Site "Sitges"]
[Date "2022.12.12"]
[Round "1"]
[White "Dietrich, Peter"]
[Black "Bilych, Olexiy"]
[Result "0-1"]
[WhiteElo "2015"]
[BlackElo "2401"]
[PlyCount "104"]
[EventDate "2022.12.12"]
[EventType "swiss"]
[EventRounds "10"]
[EventCountry "ESP"]
[SourceTitle "CBM 211 Extra"]
[Source "ChessBase"]
[SourceDate "2023.01.31"]
[SourceVersion "1"]
[SourceVersionDate "2023.01.31"]
[SourceQuality "1"]

1. e4 e5 2. Nf3 Nc6 3. Bb5 a6 4. Ba4 Nge7 5. 0-0 Ng6 6. c3 d5 7. exd5 Qxd5 8. d4 Bg4 9. Bb3 Qd7 10. dxe5 Bxf3 11. Qxf3 Ngxe5 12. Qd1 0-0-0 13. Qxd7+ Rxd7 14. Nd2 Bc5 15. Ne4 Ba7 16. Re1 Nd3 17. Re2 Re7 18. Kf1 Rhe8 19. Bc2 Nxf2 20. Rxf2 Bxf2 21. Kxf2 Rxe4 22. Bxe4 Rxe4 23. b3 Ne5 24. Ba3 Ng4+ 25. Kf3 f5 26. h3 Ne5+ 27. Kf2 Nd3+ 28. Kf1 g5 29. Rd1 Re3 30. Bc1 Nxc1 31. Rxc1 Kd7 32. Kf2 f4 33. c4 Ke6 34. Rd1 Rc3 35. Rd2 h5 36. Rd5 g4 37. Rxh5 Rc2+ 38. Kf1 g3 39. a4 Rf2+ 40. Kg1 Rb2 41. Kf1 Rxb3 42. Rc5 c6 43. Ke2 Re3+ 44. Kf1 Ra3 45. a5 Ra2 46. h4 Kf6 47. h5 Rf2+ 48. Kg1 Re2 49. Kf1 Re4 50. h6 Kg6 51. h7 Kxh7 52. Rf5 Kg6 0-1